Statistics for Japanese Traditional Culture

Click here to take the quiz!

General Stats

  • This quiz has been taken 65 times
  • The average score is 9 of 15

Answer Stats

DescriptionAnswer% Correct
A form of wrestling in Japan in which a contestant wins by forcing his opponent out of the ring or by causing him to touch the ground with any part of his body other than the soles of his feet, contestants usually being men of great height and weight.Sumo
97%
A loose, wide-sleeved robe, fastened at the waist with a wide sash, characteristic of Japanese costume.Kimono
94%
The art or technique of folding paper into a variety of decorative or representational forms, as of animals or flowers.Origami
90%
A Japanese fermented, mildly alcoholic beverage made from rice.Sake
81%
A member of the hereditary warrior class in feudal Japan.Samurai
79%
The native religion of Japan, primarily a system of nature and ancestor worship.Shinto
79%
A method developed in Japan of defending oneself without the use of weapons by striking sensitive areas on an attacker's body with the hands, elbows, knees, or feet.Karate
77%
The modern sport derived from jujitsu, in which the object is to throw, hold to the ground, or otherwise force an opponent to submit, using the minimum of physical effortJudo
66%
A long, curved single-edged sword traditionally used by Japanese samuraiKatana
65%
Popular drama of Japan, developed chiefly in the 17th century, characterized by elaborate costuming, rhythmic dialogue, stylized acting, music, and dancing, and the performance of both male and female roles by male actors.Kabuki
50%
A script, usually cursive, although sometimes angular, produced chiefly by brush, writing of high aesthetic value.Shodo
37%
The Japanese art of arranging flowers.Ikebana
32%
The Japanese tea ceremonyChado
27%
A popular Japanese music genre considered to resemble traditional Japanese music stylistically. The modern version , as developed in the postwar era, is a form of sentimental ballad music.Enka
19%
The Japanese martial art of archery, involving rhythmic movements and meditative concentrationKyudo
15%

Score Distribution

Percentile by Number Answered

Percent of People with Each Score

Your Score History

You have not taken this quiz